000 00524nam a22001577a 4500
005 20220414092956.0
008 220414b2022 my ||||| |||| 00| 0 may d
020 _a9789677014084
_cRM 40.00
040 _aAKMAL
082 _a343.595056 MAL
090 _a343.595056
_bMAL
245 _aAkta Kastam Dan Peraturan-Peraturan (Akta 235)
_cMengandungi segala pindaan hingga 1 Januari 2021, diterbit dan dicetak pada Jun 2021.
260 _aKuala Lumpur
_bMDC Publisher Sdn Bhd
_c2021
300 _a290 pg
_c26cm
942 _2ddc
_cBOOK
999 _c4936
_d4936